NFL, NHL, NBA, and MLB Teams - Statistics

General Stats
  • This quiz has been taken 71 times
  • The average score is 92 of 124
Answer Stats
Hint Answer % Correct
MLB San Francisco Giants
95%
NFL New York Giants
93%
NFL Arizona Cardinals
91%
NHL Los Angeles Kings
91%
NBA Sacramento Kings
91%
NFL New England Patriots
88%
NFL Philadelphia Eagles
88%
NFL San Francisco 49ers
88%
NFL Tampa Bay Buccaneers
88%
NFL Washington Commanders
88%
NBA Boston Celtics
86%
NFL Carolina Panthers
86%
NFL Cincinnati Bengals
86%
MLB Cincinnati Reds
86%
NFL Dallas Cowboys
86%
NHL Florida Panthers
86%
NFL Kansas City Chiefs
86%
NFL Las Vegas Raiders
86%
NBA Los Angeles Lakers
86%
NFL New York Jets
86%
NHL Winnipeg Jets
86%
NBA Atlanta Hawks
84%
MLB Boston Red Sox
84%
NBA Brooklyn Nets
84%
NFL Chicago Bears
84%
MLB Chicago White Sox
84%
NBA Golden State Warriors
84%
NFL Green Bay Packers
84%
NFL Jacksonville Jaguars
84%
NFL Los Angeles Rams
84%
NFL Minnesota Vikings
84%
NHL New York Rangers
84%
MLB New York Yankees
84%
MLB Texas Rangers
84%
NFL Atlanta Falcons
81%
NHL Boston Bruins
81%
NFL Buffalo Bills
81%
NBA Denver Nuggets
81%
NFL Detroit Lions
81%
NFL Houston Texans
81%
NFL Los Angeles Chargers
81%
NBA Miami Heat
81%
NFL New Orleans Saints
81%
NFL Pittsburgh Steelers
81%
NFL Seattle Seahawks
81%
NFL Baltimore Ravens
79%
NFL Cleveland Browns
79%
NHL Dallas Stars
79%
NFL Denver Broncos
79%
NFL Miami Dolphins
79%
NBA Orlando Magic
79%
NBA Philadelphia 76ers
79%
MLB Chicago Cubs
77%
NFL Indianapolis Colts
77%
MLB Los Angeles Angels
77%
NBA New York Knicks
77%
NBA Dallas Mavericks
74%
NBA Los Angeles Clippers
74%
NBA Milwaukee Bucks
74%
MLB New York Mets
74%
NBA San Antonio Spurs
74%
NFL Tennessee Titans
74%
NBA Utah Jazz
74%
NBA Charlotte Hornets
72%
NBA Cleveland Cavaliers
72%
NHL Edmonton Oilers
72%
NBA Indiana Pacers
72%
NHL Minnesota Wild
72%
MLB Toronto Blue Jays
72%
NBA Washington Wizards
72%
NHL Anaheim Ducks
70%
NHL Colorado Avalanche
70%
MLB Detroit Tigers
70%
MLB Los Angeles Dodgers
70%
MLB Milwaukee Brewers
70%
MLB Minnesota Twins
70%
NHL New Jersey Devils
70%
NBA New Orleans Pelicans
70%
MLB Philadelphia Phillies
70%
NBA Phoenix Suns
70%
MLB San Diego Padres
70%
MLB Seattle Mariners
70%
NBA Toronto Raptors
70%
NHL Vegas Golden Knights
70%
NHL Washington Capitals
70%
MLB Arizona Diamondbacks
67%
MLB Atlanta Braves
67%
NBA Chicago Bulls
67%
MLB Cleveland Indians
67%
NHL Detroit Red Wings
67%
MLB Houston Astros
67%
NBA Houston Rockets
67%
MLB Miami Marlins
67%
NBA Minnesota Timberwolves
67%
NHL New York Islanders
67%
NHL Philadelphia Flyers
67%
NBA Portland Trail Blazers
67%
NHL San Jose Sharks
67%
NHL Seattle Kraken
67%
MLB Tampa Bay Rays
67%
NHL Vancouver Canucks
67%
MLB Baltimore Orioles
65%
NHL Buffalo Sabres
65%
NHL Calgary Flames
65%
NHL Chicago Blackhawks
65%
NBA Memphis Grizzlies
65%
NHL Ottawa Senators
65%
NHL Pittsburgh Penguins
65%
MLB Pittsburgh Pirates
65%
NHL Tampa Bay Lightning
65%
NBA Detroit Pistons
63%
NHL Montreal Canadiens
63%
NBA Oklahoma City Thunder
63%
NHL St. Louis Blues
63%
NHL Toronto Maple Leafs
63%
NHL Arizona Coyotes
60%
MLB Colorado Rockies
60%
MLB Kansas City Royals
60%
NHL Columbus Blue Jackets
58%
NHL Nashville Predators
58%
MLB Oakland Athletics
58%
MLB Washington Nationals
56%
NHL Carolina Hurricanes
53%
MLB St. Louis Cardinals
23%
No matching quizzes found
Score Distribution
Percent of People with Each Score
Percentile by Number Answered
Your Score History
You have not taken this quiz